000 00645nam a2200181 i 4500
001 39390
003 ES-MaACL
005 20250901205143.0
007 t|
008 030303s1971 sp ||||1| spa d
110 2 _aCámara Oficial de Comercio e Industria de Granada
_92377
245 1 0 _aMemoria comercial 1965-1970 /
_cCámara Oficial de Comercio e Industria de la Provincia de Granada.
260 _aGranada :
_b[s.n.,
_c1971?] (
_fImp. Anel)
300 _a339 p. ;
_c24 cm.
610 2 7 _aCámara Oficial de Comercio e Industria de Granada-
_vMemorias
_2
_9170440
852 _aES-MaACL
_jC-41874
_bR.78761
999 _c39390
_d39390